000 00433nam a22001457a 4500
005 20190918101430.0
008 190918b xxu||||| |||| 00| 0 eng d
020 _a81-239-0683-8
041 _aeng
100 _aGUPTA, A. AND JAIN, V.K.
_95097
245 _aPHARMACEUTICS - I ( PRACTICAL NOTEBOOK) : for 1st year diploma in pharmacy
260 _aNEW DELHI
_bCBS .PUBLISHERS AND DISTRIBUTORS PVT . LTD
300 _a97p,
942 _cBK
999 _c6010
_d6008